Online
Catalog

Entreacto : (Record no. 4394)

MARC details
000 -CABECERA
campo de control de longitud fija 00756cam a2200241 a 4500
001 - NÚMERO DE CONTROL
campo de control 000004586
005 - FECHA Y HORA DE LA ÚLTIMA TRANSACCIÓN
campo de control 20200929151451.0
008 - DATOS DE LONGITUD FIJA--INFORMACIÓN GENERAL
campo de control de longitud fija 810508s1961 sp 000 0 spa
020 ## - NÚMERO INTERNACIONAL ESTÁNDAR DEL LIBRO
Número Internacional Estándar del Libro 3462014501
040 ## - FUENTE DE LA CATALOGACIÓN
Centro catalogador/agencia de origen DO-SdBNP
Lengua de catalogación spa
Centro/agencia transcriptor BNPHU
041 17 - CÓDIGO DE LENGUA
Código de lengua del texto/banda sonora o título independiente spa
Código de lengua original ger
082 ## - NÚMERO DE LA CLASIFICACIÓN DECIMAL DEWEY
Número de clasificación 833.8
Número de documento/Ítem B347e
100 1# - ENTRADA PRINCIPAL--NOMBRE DE PERSONA
Nombre de persona Baum, Vicki,
Fechas asociadas al nombre 1888-1960.
9 (RLIN) 13380
240 10 - TÍTULO UNIFORME
Título uniforme Die grosse pause.
Lenguaje de la obra Español
245 10 - MENCIÓN DE TÍTULO
Título Entreacto :
Resto del título novela /
Mención de responsabilidad, etc. Vicki Baum ; traductor Ricardo Debenedetti.
260 ## - PUBLICACIÓN, DISTRIBUCIÓN, ETC.
Lugar de publicación, distribución, etc. Barcelona :
Nombre del editor, distribuidor, etc. Planeta,
Fecha de publicación, distribución, etc. 1961.
300 ## - DESCRIPCIÓN FÍSICA
Extensión 277 p. ;
Dimensiones 19 cm.
534 ## - NOTA SOBRE LA VERSIÓN ORIGINAL
Encabezamiento principal del original Título original:
Mención de título del original Die grosse pause.
650 #4 - PUNTO DE ACCESO ADICIONAL DE MATERIA--TÉRMINO DE MATERIA
Término de materia o nombre geográfico como elemento de entrada Novela alemana
9 (RLIN) 3302
650 #4 - PUNTO DE ACCESO ADICIONAL DE MATERIA--TÉRMINO DE MATERIA
Término de materia o nombre geográfico como elemento de entrada Literatura alemana
9 (RLIN) 3274
700 1# - PUNTO DE ACCESO ADICIONAL--NOMBRE DE PERSONA
Nombre de persona Debenedetti, Ricardo,
Término indicativo de función/relación tr.
9 (RLIN) 13381
700 1# - PUNTO DE ACCESO ADICIONAL--NOMBRE DE PERSONA
Nombre de persona Ariosa, Olinta,
Término indicativo de función/relación pról.
9 (RLIN) 13382
Holdings
Estado de retiro Estado de pérdida Restricciones de uso No para préstamo Código de colección Localización permanente Ubicación/localización actual Ubicación en estantería Fecha de adquisición Número de inventario Total de préstamos Signatura topográfica completa Código de barras Fecha visto por última vez Precio válido a partir de Tipo de ítem Koha
    Préstamo interno   Monografías: Libros y Folletos General General En catalogación 23.07.2009 LF1   833.8 B347e 4586-10 25.06.2020 25.06.2020 Préstamo interno

Powered by Koha